Multiple-Choice-Stadtquiz Heidelberg - Statistiken

Allgemein
  • Dieses Quiz wurde 1.260 mal gespielt
    1.259 seit der letzten Aktualisierung
  • Das Durchschnittsergebnis liegt bei 7 aus 10
Antwortstatistiken
Frage Antwort % Korrekt
In welchem Bundesland liegt Heidelberg? Baden-Württemberg
95%
Welche Großstadt grenzt im Nordwesten an Heidelberg? Mannheim
91%
Was ist das Besondere an der Universität Heidelberg? Sie ist die älteste Universität Deutschlands
89%
An welchem Fluss liegt Heidelberg? Neckar
86%
Welche bekannte Ruine thront über der Stadt? Schloss Heidelberg
79%
Welches Mittelgebirge liegt bei Heidelberg und ist für seine dichten Wälder und Burgen bekannt? Odenwald
61%
Welche berühmte literarische Epoche ist eng mit Heidelberg verbunden? Romantik
61%
Welcher Aussichtspunkt ist mit einer Bergbahn erreichbar? Königstuhl
58%
Was findet man dort? Ein gigantisches Weinfass, das über 220.000 Liter fasst
48%
Welche Gestalt findet man an der Alten Brücke in Heidelberg? Brückenaffe
37%
Keine übereinstimmenden Quizze gefunden
Verteilung der Resultate
Anzahl Personen mit jedem Resultat
Perzentil nach korrekt beantworteten Fragen
Ihre Resultats-Entwicklung
Sie haben dieses Quiz seit der letzten Aktualisierung nicht gespielt